| Tag |
First Indicator |
Second Indicator |
Subfields |
| LEADER |
00000cam a2200000Ia 4500 |
| 001 |
in00002262921 |
| 005 |
20151105095313.0 |
| 008 |
840216s1984 nyu 000 0 eng d |
| 035 |
|
|
|a (OCoLC)ocm10424292
|
| 035 |
|
|
|a (OCoLC)10424292
|
| 040 |
|
|
|a NPL
|c NPL
|d VHB
|d OCL
|d TXA
|d UtOrBLW
|
| 041 |
1 |
|
|a eng
|a ita
|h ita
|
| 049 |
|
|
|a TXAM
|
| 082 |
0 |
4 |
|a 782.1
|
| 090 |
|
|
|a ML50.H14
|b R56 1984
|
| 100 |
1 |
|
|a Handel, George Frideric,
|d 1685-1759.
|
| 245 |
1 |
0 |
|a Rinaldo :
|b an opera in three acts /
|c music by George Frideric Handel ; libretto by Aaron Hill and Giacomo Rossi after episodes in Tasso's Gerusalemme liberata ; libretto edited by Don Jennings ; translated by David Stivender.
|
| 250 |
|
|
|a New performing ed. /
|b prepared and edited by Martin Katz.
|
| 264 |
|
1 |
|a New York, N.Y. :
|b Metropolitan Opera Guild,
|c [1984]
|
| 264 |
|
4 |
|c ©1984
|
| 300 |
|
|
|a 15 pages ;
|c 27 cm.
|
| 336 |
|
|
|a text
|b txt
|2 rdacontent
|
| 337 |
|
|
|a unmediated
|b n
|2 rdamedia
|
| 338 |
|
|
|a volume
|b nc
|2 rdacarrier
|
| 490 |
1 |
|
|a Libretto / Metropolitan Opera
|
| 536 |
|
|
|a From the Edward O.D. Downes collection.
|
| 650 |
|
0 |
|a Operas
|v Librettos.
|
| 700 |
1 |
2 |
|a Handel, George Frideric,
|d 1685-1759.
|t Rinaldo.
|s Libretto.
|l English.
|
| 700 |
1 |
2 |
|a Handel, George Frideric,
|d 1685-1759.
|t Rinaldo.
|s Libretto.
|l Italian.
|
| 700 |
1 |
|
|a Hill, Aaron,
|d 1685-1750.
|
| 700 |
1 |
|
|a Rossi, Giacomo,
|d active 1710-1731.
|
| 700 |
1 |
|
|a Jennings, Don.
|
| 700 |
1 |
|
|a Katz, Martin.
|
| 830 |
|
0 |
|a Libretto (New York, N.Y.)
|
| 948 |
|
|
|a cataloged
|b h
|c 2007/8/15
|d c
|e bwalker
|f 7:35:58 am
|
| 994 |
|
|
|a C0
|b TXA
|
| 999 |
|
|
|a MARS
|
| 999 |
f |
f |
|s e5ef4856-f3b9-36af-8f11-3a498a78fd7b
|i b9cbff68-c6c6-3d1c-9c28-3c3a9174e874
|t 0
|
| 952 |
f |
f |
|p normal
|a Texas A&M University
|b College Station
|c Sterling C. Evans Library
|d Evans: Library Stacks
|t 0
|e ML50.H14 R56 1984
|h Library of Congress classification
|i unmediated -- volume
|m A14836336088
|
| 998 |
f |
f |
|a ML50.H14 R56 1984
|t 0
|l Evans: Library Stacks
|